000 00484nam a22001577a 4500
005 20260327141944.0
008 260327b |||||||| |||| 00| 0 eng d
020 _a0534217451
050 _aP90
_b.B489 BIA
100 _aHAAG JAN
245 _aINSTRUCTOR'S MANUAL FOR MEDIA IMPACT:
_bAN INTRODUCTION TO MASS MEDIA/
_cJAN HAAG & SHIRLEY BIAGI
250 _a3rd Ed.
260 _aCalifornia
_bWadsworth Publishing Company
_c1996
700 _aBIAGI, SHIRLEY
942 _2lcc
_cBK
_e3rd Ed.
_n0
999 _c9184
_d9184